|
|
|
|
| LEADER |
00000cam a2200000 a 4500 |
| 001 |
vtls008377600 |
| 003 |
SK-MaSNL |
| 005 |
20260301181406.0 |
| 008 |
240315s1955 xo 000 0 slo |
| 015 |
|
|
|a SNBA1955
|
| 035 |
|
|
|a SK01SNKBKSFS20020069817
|
| 035 |
|
|
|a SKM000072280
|
| 040 |
|
|
|a SNK
|b slo
|c SNK
|e AACR2
|
| 041 |
1 |
|
|a slo
|
| 044 |
|
|
|a xo
|c SK
|
| 080 |
|
|
|a 378(075)
|2 1981
|
| 080 |
|
|
|a 069(075)
|2 1981
|
| 100 |
1 |
|
|a Kálmán, Július,
|d 1911-1991
|4 aut
|9 5317
|
| 245 |
1 |
0 |
|a Múzejníctvo
|c Július Kálmán
|
| 260 |
|
|
|a Bratislava
|b VŠP v nakl. SPN
|c 1955
|e Bratislava
|f Technografia
|
| 300 |
|
|
|a 81 s.
|c 4°
|
| 366 |
|
|
|e 310 výt.
|
| 490 |
1 |
|
|a Vysokoškolské učebné texty
|
| 504 |
|
|
|a Bibliogr.
|
| 650 |
0 |
7 |
|a múzejníctvo
|2 SNKPH
|9 20819
|
| 655 |
|
7 |
|a učebnice vysokých škôl
|2 SNKPH
|9 70191
|
| 830 |
|
0 |
|a Vysokoškolské učebné texty
|9 276539
|
| 852 |
|
|
|a Slovenská národná knižnica v Martine
|b 10000
|h SB 2717
|
| 852 |
|
|
|a Univerzitná knižnica v Bratislave
|b 300000
|h SB 2060
|
| 852 |
|
|
|a Univerzitná knižnica v Bratislave
|b 300000
|h 20 B 1127
|
| 852 |
|
|
|a Štátna vedecká knižnica v Košiciach
|b 900000
|h V 11569
|
| 852 |
|
|
|a Národní knihovna ČR Praha
|b 9090000
|h III 24613
|
| 958 |
|
|
|a OND
|
| 958 |
|
|
|a RK
|
| 958 |
|
|
|a NB
|
| 999 |
|
|
|c 849849
|d 851779
|
| 952 |
|
|
|a SNK
|b SNK
|y PREZ
|7 0
|p 17A0746171
|o snkSB 2717
|0 0
|1 0
|4 0
|d 2011-11-03
|f 1
|l 0
|r 2025-02-14 00:00:00
|w 2026-02-24
|
| 952 |
|
|
|t P60, <04>, [BOOK], {604}
|a SNK
|b SNK
|y VYP
|7 0
|p 17A0010851
|o snkSB 2717 D2
|0 0
|1 0
|4 0
|d 1996-09-27
|l 0
|r 2005-01-01 00:00:00
|w 2026-02-24
|
| 952 |
|
|
|t P60, <04>, [BOOK], {604}
|a SNK
|b SNK
|y VYP
|7 0
|p 17A0255391
|o snkSB 2717 D1
|0 0
|1 0
|4 0
|d 2000-11-04
|l 0
|r 2005-01-01 00:00:00
|w 2026-02-24
|